000 00416nam a22001697a 4500
003 OSt
008 250411b |||||||| |||| 00| 0 eng d
020 _a9789355735546
082 _a658.4038 DUE
100 _aDUBEY,Rahul
245 _aEmerging Technologies for Effective Management
250 _a-
260 _aNew Delhi
_bCengage
_c2024
300 _aMISC
650 _aEmerging Technologies
942 _2ddc
_cBK
999 _c13281
_d13281